| 000 | 01230cam a22002054a 4500 | ||
|---|---|---|---|
| 005 | 20250605163947.0 | ||
| 008 | 250528s ||||||||||||||||||||||||d | ||
| 035 | _a15263 | ||
| 020 | _a859417956 | ||
| 040 |
_aGR-AtMCL _bgre _dGR-AtMCL _eAACR2 |
||
| 245 | 1 | _aHandbook of Business and Financial Ratios | |
| 260 | _c1992 | ||
| 300 | _a254 | ||
| 520 | _aThis book is a step by step guide to understanding and using ratios in financial analysis. Models, Adapter's Preface, Tools for Financial Analysis and Planning Operations, How to Measure Operational Effectiveness and Control in Resource Utilization, How to Use Direct Cost and D&A Expenditure Ratios to Avoid Diluting Profits, How to Monitor Those Elusive Overhead Costs, How to Assess and Plan Profit Objectives by Means of Profitability Ratio Guidelines, How to Use Ratio Analysis for Industry Comparisons, Evaluating an Organization's Financial Position, Understanding Data Relationships for Effective Flow Planning, Employing Statistical Techniques for Effective Planning and Operations, Employing Ratios to Assess Investments, Index. | ||
| 700 | 1 |
_aTyran R. Michael _91157 |
|
| 700 | 1 |
_aWoodhead-Faulkner _91158 |
|
| 942 | _cBK | ||
| 999 |
_c856 _d856 |
||